Les capitales des pays membres de l’OTAN sur une carte - Statistiques

Statistiques générales
  • Ce quiz a été pris 27 fois
  • Le résultat moyen est 25 sur 32
Réponses sur la Carte
Les réponses sont colorées sur une échelle allant du rouge au vert en fonction du pourcentage des utilisateurs qui les ont devinées à leur premier essai. Vous pouvez retrouver ces pourcentages ci-dessous.
 
Statistiques - réponses
Réponse % Correct
Paris
92%
Amsterdam
88%
Helsinki
88%
Lisbonne
88%
Washington
88%
Ankara
83%
Athènes
83%
Berlin
83%
Bruxelles
83%
Copenhague
83%
Londres
83%
Luxembourg
83%
Madrid
83%
Rome
83%
Stockholm
83%
Oslo
79%
Ottawa
79%
Prague
79%
Riga
79%
Varsovie
79%
Tallinn
75%
Vilnius
75%
Bucarest
71%
Ljubljana
71%
Reykjavik
71%
Tirana
71%
Budapest
67%
Sofia
67%
Zagreb
67%
Bratislava
63%
Skopje
63%
Podgorica
58%
Aucun quiz correspondant
Distribution des résultats
% des personnes avec chaque résultat
Percentile par nombre de réponses
Votre historique - résultats
Vous n’avez pas pris ce quiz